LEADER 01543nam 2200493 450 001 9910397914303321 005 20211005121640.0 010 $a84-9148-210-5 035 $a(CKB)3710000001406216 035 $a(MiAaPQ)EBC4945801 035 $a(MiAaPQ)EBC6522183 035 $a(Au-PeEL)EBL6522183 035 $a(OCoLC)1172202427 035 $a(EXLCZ)993710000001406216 100 $a20170922d2017 uy 0 101 0 $aspa 135 $aurcnu|||||||| 181 $2rdacontent 182 $2rdamedia 183 $2rdacarrier 200 03$aLa autonomi?a de las entidades religiosas en el derecho $emodelos de relacio?n y otras cuestiones /$fJose? Mari?a Marti?, Mari?a del Mar Moreno Mozos, coordinadores ; Santiago Catala? [y otros 5] 210 1$aMadrid :$cDykinson,$d2017. 215 $a1 online resource (219 pa?ginas) 300 $aIncluye i?ndice. 311 $a84-9148-149-4 606 $aLaw$zSpain 606 $aDerecho$zEspan?a 606 $aReligion and law$zSpain 606 $aReligio?n y leyes$zEspan?a 608 $aLibros electronicos. 615 0$aLaw 615 4$aDerecho 615 0$aReligion and law 615 4$aReligio?n y leyes 676 $a343.46013 702 $aMarti?$b Jose? Mari?a 702 $aMoreno Mozos$b Mari?a del Mar 702 $aCatala?$b Santiago 801 0$bFINmELB 801 1$bFINmELB 906 $aBOOK 912 $a9910397914303321 996 $aLa autonomi?a de las entidades religiosas en el derecho$91901785 997 $aUNINA LEADER 01167nam a22002531i 4500 001 991003983859707536 005 20040708145046.0 008 040802s1967 it a||||||||||||||||ita 035 $ab13155969-39ule_inst 035 $aARCHE-110857$9ExL 040 $aBiblioteca Interfacoltà$bita$cA.t.i. Arché s.c.r.l. Pandora Sicilia s.r.l. 082 04$a872.3 100 1 $aAvesani, Rino$0172396 245 10$aQuattro miscellanee medioevali e umanistiche :$bcontributo alla tradizione del Geta, degli Auctores octo, dei Libri minores e di altra letteratura scolastica medioevale /$cRino Avesani 260 $aRoma :$bEdizioni di storia e letteratura,$c1967 300 $a113 p., [1] c. di tav. :$bill. ;$c26 cm 440 0$aNote e discussioni erudite ;$v11 600 04$aVitale :$cdi Blois.$tGeta$xTradizione manoscritta 907 $a.b13155969$b02-04-14$c05-08-04 912 $a991003983859707536 945 $aLE002 Fondo Giudici Q 596$g1$i2002000765635$lle002$nC. 1$o-$pE0.00$q-$rn$so $t0$u0$v0$w0$x0$y.i13794383$z05-08-04 996 $aQuattro miscellanee medioevali e umanistiche$9311223 997 $aUNISALENTO 998 $ale002$b05-08-04$cm$da $e-$fita$git $h0$i1